Skoczkowie z dubletem na MŚ lub Olimpiadzie - Statystyki

Ogólne statystyki
  • Ten quiz został rozwiązany 77 razy
  • Średni wynik to 3 z 6
Statystyki odpowiedzi
Odpowiedź % Poprawnych
Kamil Stoch
99%
Adam Małysz
77%
Stefan Kraft
49%
Simon Ammann
42%
Matti Nykanen
38%
Bjoern Wirkola
8%
Nie znaleziono quizów pasujących do podanych kryteriów
Rozkład punktacji
Procent ludzi z każdym wynikiem
Percentyl według liczby udzielonych odpowiedzi
Twoja historia wyników
Nie rozwiązałeś tego quizu